LEADER 00916nam0-2200301---450- 001 990009425960403321 005 20110916115318.0 035 $a000942596 035 $aFED01000942596 035 $a(Aleph)000942596FED01 035 $a000942596 100 $a20110916d1870----km-y0itay50------ba 101 0 $afre 102 $aFR 105 $aa-------001yy 200 1 $aAnatomie des animaux domestiques$fpar Frederic A. Leyh$gtraduite de l'allemand sur la 2. ed. par Auguste Zundel$gavec additions et notes par Saint-Yves Menard 210 $aParis$cAsselin$d1870 215 $axvi, 291 p.$cill.$d23 cm 610 0 $aAnatomia animale 676 $a591.4 700 1$aLeyh,$bFriedrich A.$0512609 801 0$aIT$bUNINA$gRICA$2UNIMARC 901 $aBK 912 $a990009425960403321 952 $aIIIc C 82$b1488$fDMVSF 959 $aDMVSF 996 $aAnatomie des animaux domestiques$9760019 997 $aUNINA LEADER 03076nam 2200589Ia 450 001 9910453187603321 005 20200520144314.0 010 $a1-281-95631-7 010 $a9786611956318 010 $a981-281-065-X 035 $a(CKB)1000000000538105 035 $a(StDuBDS)AH24685565 035 $a(SSID)ssj0000182601 035 $a(PQKBManifestationID)11178056 035 $a(PQKBTitleCode)TC0000182601 035 $a(PQKBWorkID)10172683 035 $a(PQKB)10037072 035 $a(MiAaPQ)EBC1681611 035 $a(WSP)00004361 035 $a(Au-PeEL)EBL1681611 035 $a(CaPaEBR)ebr10255504 035 $a(CaONFJC)MIL195631 035 $a(OCoLC)815755944 035 $a(EXLCZ)991000000000538105 100 $a20001122d2001 uy 0 101 0 $aeng 135 $aur||||||||||| 181 $ctxt 182 $cc 183 $acr 200 10$aIntroduction to gauge integrals$b[electronic resource] /$fCharles Swartz 210 $aSingapore ;$aRiver Edge, N.J. $cWorld Scientific$dc2001 215 $a1 online resource (150p.) 300 $aBibliographic Level Mode of Issuance: Monograph 311 $a981-02-4239-5 320 $aIncludes bibliographical references (p. 149-153) and index. 327 $aIntroduction to the gauge or Henstock-Kurzweil integral; basic properties of the gauge integral; Henstock's Lemma and improper integrals; the gauge integral over unbounded intervals; convergence theorems; integration over more general sets -Lebesgue measure; the space of gauge integrable functions; multiple integrals and Fubini's theorem; the McShane integral; McShane integrability is equivalent to absolute Henstock-Kurzweil integrability. 330 8 $aA presentation of the Henstock/Kurzweil integral and the McShane integral. These two integrals are obtained by changing slightly the definition of the Riemann integral. A basic knowledge of introductory real analysis is required of the reader.$bThis book presents the Henstock-Kurzweil integral and the McShane integral. These two integrals are obtained by changing slightly the definition of the Riemann integral. These variations lead to integrals which are much more powerful than the Riemann integral. The Henstock-Kurzweil integral is an unconditional integral for which the fundamental theorem of calculus holds in full generality, while the McShane integral is equivalent to the Lebesgue integral in Euclidean spaces.;A basic knowledge of introductory real analysis is required of the reader, who should be familiar with the fundamental properties of the real numbers, convergence, series, differentiation, continuity, etc. 606 $aHenstock-Kurzweil integral 606 $aCalculus 608 $aElectronic books. 615 0$aHenstock-Kurzweil integral. 615 0$aCalculus. 676 $a515/.43 700 $aSwartz$b Charles$f1938-$054079 801 0$bMiAaPQ 801 1$bMiAaPQ 801 2$bMiAaPQ 906 $aBOOK 912 $a9910453187603321 996 $aIntroduction to gauge integrals$92108889 997 $aUNINA LEADER 01251nas 2200433- 450 001 996336742103316 005 20230218213019.0 035 $a(OCoLC)786452315 035 $a(CKB)2550000000027955 035 $a(CONSER)--2022243182 035 $a(EXLCZ)992550000000027955 100 $a20120227a20049999 --- - 101 0 $aeng 135 $aurmnu|||||||| 181 $ctxt$2rdacontent 182 $cc$2rdamedia 183 $acr$2rdacarrier 200 00$aContemporary psychoanalytic studies 210 1$aAmsterdam :$cRodopi,$d2004- 215 $a1 online resource 300 $aRefereed/Peer-reviewed 300 $aEach issue has also a distinctive title. 311 $a1571-4977 517 1 $aCPS 606 $aPsychoanalysis$vPeriodicals 606 $aPsychanalyse 606 $apsychoanalysis$2aat 606 $aPsychoanalysis$2fast$3(OCoLC)fst01081235 608 $aSerial publications.$2fast 608 $aPeriodicals.$2fast 608 $aSerial publications.$2lcgft 615 0$aPsychoanalysis 615 6$aPsychanalyse. 615 7$apsychoanalysis. 615 7$aPsychoanalysis. 906 $aJOURNAL 912 $a996336742103316 996 $aContemporary Psychoanalytic Studies$92374874 997 $aUNISA